000 00516nam a2200181Ia 4500
008 151202s9999||||xx |||||||||||||| ||und||
082 _bPNVM-53504
100 _aमंगेशकर गीता.
245 _aस्वप्नझुला.
260 _b---
260 _c0
300 _a0
600 _aमंगेशकर गीता.
630 _aस्वप्नझुला.
700 _aमंगेशकर गीता.
730 _aस्वप्नझुला.
942 _cBOOK
999 _c1320043
_d1320040